000 00750nam a2200289Ia 4500
001 34667
003 IT-RoPAU
008 130308s9999 xx 000 0 und d
040 _aIT-RoPAU
040 _cIT-RoPAU
041 _aITALIANO
100 _aFubini Mario
100 _gCodice Aut. SPICS: 15446
245 _aCammino ritmico del sonetto
245 _bMetodi Attuali della Critica in Italia (I)
250 _a1a ed.
260 _aTORINO
260 _bERI - Edizioni Rai
260 _c1980 [1° Ed.:1980 - Ed.Ling.Originale:1962]
300 _a"6 p. (prefazione: no ; testo: 6 [pagine: 181-186])"
650 _aSEMIOLOGIA
650 _eCodice materia Spics: 3251
942 _cBK
957 _71
999 _c40552
_d40552
999 _bSI
999 _g1